ბათუმის შოთა რუსთაველის სახელმწიფო უნივერსიტეტის ბიბლიოთეკა

ჩანაწერი Personal Name

ჩანაწერთა რაოდენობა, რომელიც გამოყენებულია: 2

001 - CONTROL NUMBER

  • control field: 19585

003 - CONTROL NUMBER IDENTIFIER

  • control field: GE_BSU

005 - DATE AND TIME OF LATEST TRANSACTION

  • control field: 20230731155037.0

008 - FIXED-LENGTH DATA ELEMENTS

  • fixed length control field: 230731|| aca||aabn | a|a d

040 ## - CATALOGING SOURCE

  • Original cataloging agency: GE_BSU
  • Transcribing agency: GE_BSU

100 ## - HEADING--PERSONAL NAME

  • Personal name: Szymkiewicz, Aneta
  • Relator term: Author

670 ## - SOURCE DATA FOUND

  • Source citation: Work cat.: (GE_BSU)54593: HURRA!!! Po Polsku 3. Zeszyt cwiczen. B1 :